| 000 | 00839nam a2200193Ia 4500 | ||
|---|---|---|---|
| 003 | GCL | ||
| 008 | 140319s9999 xx 000 0 ara d | ||
| 040 |
_aGCL / _cGCL |
||
| 082 | 0 | 4 |
_a726.1 _bم ح |
| 100 | 1 | _aالمعهد العربى لانماء المدن | |
| 245 | 1 | 0 |
_aالحفاظ على التراث المعمارى الاسلامى اعمال وتوصيات وبحوث مؤتمر الحفاظ على التراث الحضارى المعمارى الاسلامى فى المدن 22 - 26 ابريل 1985م استنبول\ تركيا / _cالمعهد العربى لانماء المدن |
| 300 | _a901 ص | ||
| 490 | _a | ||
| 650 | 0 | 4 | _aالعمارة الاسلامية |
| 650 | 0 | 4 | _aالقدس |
| 650 | 0 | 4 | _aالتراث الاسلامى |
| 650 | 0 | 4 | _aالعمارة الاسلامية - السعودية |
| 942 |
_2ddc _cBK |
||
| 999 |
_c37936 _d37936 |
||